Liberationist christianity in Argentina (1930-1983) : faith and revolution (Record no. 85753)

MARC details
000 -LEADER
fixed length control field 00799 a2200241 4500
003 - CONTROL NUMBER IDENTIFIER
control field CBULib
005 - DATE AND TIME OF LATEST TRANSACTION
control field 20250128083850.0
008 - FIXED-LENGTH DATA ELEMENTS--GENERAL INFORMATION
fixed length control field 241031b |||||||| |||| 00| 0 eng d
020 ## - INTERNATIONAL STANDARD BOOK NUMBER
International Standard Book Number 9781855663633
040 ## - CATALOGING SOURCE
Language of cataloging English
Transcribing agency CBULib
Description conventions rda
050 ## - LIBRARY OF CONGRESS CALL NUMBER
Classification number BT 83.57 Bra
100 ## - MAIN ENTRY--PERSONAL NAME
Personal name Brandbury, Pablo
245 ## - TITLE STATEMENT
Title Liberationist christianity in Argentina (1930-1983) : faith and revolution
Statement of responsibility, etc / by Pablo Brandbury
260 ## - PUBLICATION, DISTRIBUTION, ETC. (IMPRINT)
Name of publisher, distributor, etc Tamesis,
Date of publication, distribution, etc 2023
Place of publication, distribution, etc Woodbridge :
300 ## - PHYSICAL DESCRIPTION
Extent xi, 255 pages : illustrations
336 ## - CONTENT TYPE
Source rdacontent
Content type term Text |
Content type code txt
337 ## - MEDIA TYPE
Source rdamedia
Media type term Unmediated |
Media type code n
338 ## - CARRIER TYPE
Source rdacarrier
Carrier type term Volume
Carrier type code nc
500 ## - GENERAL NOTE
General note Includes bibliographical references and index.<br/>
650 #0 - SUBJECT ADDED ENTRY--TOPICAL TERM
9 (RLIN) 3896
Topical term or geographic name as entry element EDUCATION - RESEARCH
650 #0 - SUBJECT ADDED ENTRY--TOPICAL TERM
9 (RLIN) 3897
Topical term or geographic name as entry element EDUCATION - RESEARCH - PHILOSOPHY
942 ## - ADDED ENTRY ELEMENTS (KOHA)
Source of classification or shelving scheme
Koha item type MONOGRAPH
Holdings
Withdrawn status Lost status Source of classification or shelving scheme Damaged status Not for loan Collection code Permanent Location Current Location Shelving location Date acquired Source of acquisition Cost, normal purchase price Full call number Barcode Date last seen Price effective from Koha item type Total Checkouts
          CBU-Lusaka Campus CBU- LUSAKA CAMPUS CBU- LUSAKA CAMPUS General Stacks 10/31/2024 BOOK AID INTERNATIONAL 29.95 BT 83.57 Bra 753056 10/31/2024 10/31/2024 MONOGRAPH  
          CBU-Lusaka Campus CBU- LUSAKA CAMPUS CBU- LUSAKA CAMPUS General Stacks 10/31/2024 BOOK AID INTERNATIONAL 29.95 BT 83.57 Bra 753055 10/31/2024 10/31/2024 MONOGRAPH  
          Main Library Open Access Collection CBU-MAIN LIBRARY, KITWE. CBU-MAIN LIBRARY, KITWE. General Stacks 01/28/2025 BOOK AID INTERNATIONAL 29.95 BT 83.57 Bra 753318 01/28/2025 01/28/2025 MONOGRAPH  
          Main Library Open Access Collection CBU-MAIN LIBRARY, KITWE. CBU-MAIN LIBRARY, KITWE. General Stacks 01/28/2025 BOOK AID INTERNATIONAL 29.95 BT 83.57 Bra 753317 01/28/2025 01/28/2025 MONOGRAPH